Statystyki dla 15 największych miast strefy czasowej UTC-06:00

Kliknij tutaj aby rozwiązać quiz!

Ogólne statystyki

  • Ten quiz został rozwiązany 7 razy
  • Średni wynik to 6 z 15

Statystyki odpowiedzi

Liczba ludnośćiMiasto% Poprawnych
9 209 944Meksyk
100%
2 696 555Chicago
67%
1 288 457Dallas
67%
1 385 621Guadalajara
67%
961 855Austin
50%
2 288 250Houston
50%
1 142 952Monterrey
50%
1 451 853San Antonio
50%
1 188 019San José
50%
1 086 641Tegucigalpa
50%
1 542 232Puebla
17%
1 643 623Ecatepec
0%
1 579 803León
0%
1 072 676Nezahualcóyotl
0%
1 257 547Zapopan
0%

Rozkład punktacji

Percentyl według liczby udzielonych odpowiedzi

Procent ludzi z każdym wynikiem

Twoja historia wyników

Nie rozwiązałeś tego quizu